000 00371 a2200121 4500
001 ART_45459
005 20260410162040.0
008 260409a
245 1 0 _aLa percepción de los cuentapropistas sobre el régimen de monotributo
100 1 _aFano, Diego G.
700 1 _aDi Giorgio, Saverio
773 0 _tImpuestos
_g- Nº 21 (feb. 2018)
_wREV45175
999 _c34815
_d34815